Μία εφαρμογή για την επεξεργασία μαθηματικών εκφράσεων στη γλώσσα Java : πτυχιακή εργασία

Το αντικέιμενο της παρούσας εργασίας είναι η κατασκευή μίας εφαρμογής η οποία θα απεικονίζει μαθηματικές εκφράσεις. Η εφαρμογή υλοποιήθηκε στη γλώσσα προγραμματισμού Java....

Πλήρης περιγραφή

Αποθηκεύτηκε σε:
Λεπτομέρειες βιβλιογραφικής εγγραφής
Κύριος συγγραφέας: Κουκούσουλα, Αικατερίνη
Συγγραφή απο Οργανισμό/Αρχή: Πανεπιστήμιο Αιγαίου. Σχολή Θετικών Επιστημών. Τμήμα Μαθηματικών
Μορφή: Thesis Βιβλίο
Γλώσσα:Greek
Δημοσίευση: 2009.
Θέματα:
Διαθέσιμο Online:http://hdl.handle.net/11610/8005
Ετικέτες: Προσθήκη ετικέτας
Δεν υπάρχουν, Καταχωρήστε ετικέτα πρώτοι!

MARC

LEADER 00000cam a2200000 i 4500
001 1/1570
008 090917s2009 gr | ||| |||| ||gre||
035 |l 10105645 
040 |a GR-MyUa  |b gre  |e AACR2 
041 0 |a gre 
082 7 |a 510.285   |2 (22)  
100 1 |a Κουκούσουλα, Αικατερίνη. 
245 1 4 |a Μία εφαρμογή για την επεξεργασία μαθηματικών εκφράσεων στη γλώσσα Java :   |b πτυχιακή εργασία /   |c Κατερίνα Κουκούσουλα ; επιβλέπων καθηγητής, Ανδρέας Παπασαλούρος.  
260 |c 2009.  
300 |a v, 104 σ. :   |b εικ. ;   |c 30 εκ.  
500 |a Μέλη της εξεταστικής επιτροπής: Ανδρέας Παπασαλούρος, Κωνσταντίνος Χουσιάδας, Παναγιώτης Νάστου.  
502 |a Πτυχιακή εργασία – Πανεπιστήμιο Αιγαίου, Σάμος, 2009. 
504 |a Βιβλιογραφία: σ. 71.  
506 0 |a Διάθεση πλήρους κειμένου - Ελεύθερη πρόσβαση.  
520 8 |a Το αντικέιμενο της παρούσας εργασίας είναι η κατασκευή μίας εφαρμογής η οποία θα απεικονίζει μαθηματικές εκφράσεις. Η εφαρμογή υλοποιήθηκε στη γλώσσα προγραμματισμού Java. 
610 2 0 |a University of the Aegean  |x Dissertations. 
630 0 0 |a Swing (Computer file) 
650 0 |a Mathematics  |x Computer programs. 
650 0 |a Java (Computer program language) 
650 0 0 |a Dissertations, Academic  |z Greece. 
700 1 |a Παπασαλούρος, Ανδρέας,  |e dgs 
710 2 |a Πανεπιστήμιο Αιγαίου.   |b Σχολή Θετικών Επιστημών.   |b Τμήμα Μαθηματικών. 
852 |a INST  |b SAMOS  |c DIATR  |e 20090917  |h 510.285 ΚΟΥ  |p 005300031207  |q 005300031207  |t DIE  |y 23 
852 |a INST  |b SAMOS  |c DIATR  |e 20090917  |h 510.285 ΚΟΥ  |p 005300031208  |q 005300031208  |t DIE  |y 23 
856 |u http://hdl.handle.net/11610/8005 
901 |a BIBL3-2009-3 
924 |a Κουκούσουλα,   |b Αικατερίνη  |y Σάμος  |z 2009-07 
970 |a ΚΟΣΙΕΡΗΣ  |b ΧΡΗΣΤΟΣ  |z 2009/09/17